书目信息 |
| 题名: |
环境中有害因素与人体健康
|
|
| 作者: | 常元勋 编写 | |
| 分册: | ||
| 出版信息: | 北京 化学工业出版社 2000.05 |
|
| 页数: | 121页 | |
| 开本: | 32开 | |
| 丛书名: | ||
| 单 册: | ||
| 中图分类: | R595 | |
| 科图分类: | ||
| 主题词: | 全身性疾病 | |
| 电子资源: | ||
| ISBN: | 7-5025-2794-X | |
| 000 | 00585nam0 2200193 45 | |
| 001 | 0010031900 | |
| 005 | 20001003195422.0 | |
| 010 | @a7-5025-2794-X@d8.00元 | |
| 100 | @a20001003d2000 km y0chiy0120 ea | |
| 101 | 0 | @achi |
| 105 | @a z 000yy | |
| 200 | 1 | @a环境中有害因素与人体健康@AHuan Jing Zhong You Hai Yin Su Yu Ren Ti Jian Kang@f常元勋编写@FChang Yuan Xun Bian Xie |
| 210 | @a北京@c化学工业出版社@d2000.05 | |
| 215 | @a121页@d32开 | |
| 606 | 0 | @a全身性疾病 |
| 690 | @aR595@v3 | |
| 701 | 0 | @a常元勋@4编写 |
| 801 | @aCN@bPftUser@c20001003 | |
| 905 | @b171400-409@dR595@eCH903@f10 | |
| 环境中有害因素与人体健康/常元勋编写.-北京:化学工业出版社,2000.05 |
| 121页;32开 |
| ISBN 7-5025-2794-X:8.00元 |
| ● |
| 相关链接 |
|
|
|
正题名:环境中有害因素与人体健康
索取号:R595/CH903
 
预约/预借
| 序号 | 登录号 | 条形码 | 馆藏地/架位号 | 状态 | 备注 |
| 1 | 171400 | 201714001 | 自科二线504/504自科库 38排1列4层/ [索取号:R595/CH903] | 在馆 | |
| 2 | 171401 | 201714010 | 自科库401/401自科库 19排2列3层/ [索取号:R595/CH903] | 在馆 | |
| 3 | 171402 | 201714029 | 自科库401/401自科库 19排2列3层/ [索取号:R595/CH903] | 在馆 | |
| 4 | 171403 | 201714038 | 自科二线504/504自科库 38排1列4层/ [索取号:R595/CH903] | 在馆 | |
| 5 | 171404 | 201714047 | 自科库401/401自科库 19排2列3层/ [索取号:R595/CH903] | 在馆 | |
| 6 | 171405 | 201714056 | 自科二线504/504自科库 38排1列4层/ [索取号:R595/CH903] | 在馆 | |
| 7 | 171406 | 201714065 | 自科二线504/504自科库 38排1列4层/ [索取号:R595/CH903] | 在馆 | |
| 8 | 171407 | 201714074 | 自科二线504/504自科库 38排1列4层/ [索取号:R595/CH903] | 在馆 | |
| 9 | 171408 | 201714083 | 自科二线504/401自科库 16排1列3层/ [索取号:R595/CH903] | 在馆 | |
| 10 | 171409 | 201714092 | 自科二线504/504自科库 38排1列4层/ [索取号:R595/CH903] | 在馆 |